Statistics for Countries Closest to South Africa with Exceptions and Territories

Click here to take the quiz!

General Stats

  • This quiz has been taken 49 times
  • The average score is 15 of 20

Answer Stats

Distance (km)Country% Correct
4642Brazil
93%
934France
90%
6062India
90%
2665United Kingdom
90%
2589Australia
83%
5127Maldives
83%
5927Iran
76%
5919Iraq
76%
4498Saudi Arabia
76%
5787Israel
74%
4958Oman
74%
5636Qatar
74%
4118Yemen
74%
5736Bahrain
71%
5763Jordan
71%
6185Lebanon
71%
5935Kuwait
69%
6116Syria
67%
5549United Arab Emirates
67%
2518Norway
60%

Score Distribution

Percentile by Number Answered

Percent of People with Each Score

Your Score History

You have not taken this quiz